Central Library OPAC University of Rajshahi

Biochemical research techniques : (Record no. 11918)

MARC details
000 -LEADER
fixed length control field 00813cam a2200253 a 4500
001 - CONTROL NUMBER
control field 11918
003 - CONTROL NUMBER IDENTIFIER
rucl marc code BD-RjUL
005 - DATE AND TIME OF LATEST TRANSACTION
control field 20211208235214.0
008 - FIXED-LENGTH DATA ELEMENTS--GENERAL INFORMATION
fixed length control field 140127r19841983enka b 001 0 eng
020 ## - INTERNATIONAL STANDARD BOOK NUMBER
International Standard Book Number 0471103233
035 ## - SYSTEM CONTROL NUMBER
System control number (BD-RjUL)11967
040 ## - CATALOGING SOURCE
Original cataloging agency DLC
Transcribing agency DLC
Modifying agency BD-RjUL
Language of cataloging eng
041 ## - LANGUAGE CODE
Language code of text/sound track or separate title eng
082 00 - DEWEY DECIMAL CLASSIFICATION NUMBER
Classification number 574.192072
Edition number 19
Author mark and year BIO 1984
245 00 - TITLE STATEMENT
Title Biochemical research techniques :
Remainder of title a practical introduction /
Statement of responsibility, etc. edited by John M. Wrigglesworth.
260 ## - PUBLICATION, DISTRIBUTION, ETC. (IMPRINT)
Place of publication, distribution, etc. Chichester (Sussex) ;
-- New York :
Name of publisher, distributor, etc. Wiley,
Date of publication, distribution, etc. c1983 [Reprinted 1984].
300 ## - PHYSICAL DESCRIPTION
Pagination 239 p. :
Illustrations ill. ;
Size 24 cm.
504 ## - BIBLIOGRAPHY, ETC. NOTE
Bibliography, etc Includes bibliographical references and index.
650 #0 - SUBJECT ADDED ENTRY--TOPICAL TERM
Topical term or geographic name as entry element Biochemistry
General subdivision Technique.
9 (RLIN) 36795
700 1# - ADDED ENTRY--PERSONAL NAME
Personal name Wrigglesworth, John M.
942 ## - ADDED ENTRY ELEMENTS (KOHA)
Source of classification or shelving scheme Dewey Decimal Classification
Koha item type Books
Holdings
Lost status Source of classification or shelving scheme Damaged status Not for loan Collection code Permanent Location Current Location Shelving location Date acquired Source of acquisition Cost, normal purchase price Total Checkouts Full call number Date last seen Copy number Koha item type
  Dewey Decimal Classification     Non-fiction Central Library, University of Rajshahi Central Library, University of Rajshahi   02/04/1986 Karim Int. 18.20   574.192072 BIO 1984 27/01/2014 C-2 Books
  Dewey Decimal Classification   Not For Loan Non-fiction Central Library, University of Rajshahi Central Library, University of Rajshahi Reading Room 02/04/1986 Karim Int. 18.20   574.192072 BIO 1984 11/04/2017 C-1 Books